Word Ladder: Michael Jackson Songs Quiz Stats

 Plays Quiz Updated Feb 19, 2021

Support Sporcle.
Go Orange.
Score 0/39 Timer 03:00
0 Plays Today
Clue Word % Correct
'The Way You ___ Me Feel'MAKE
94%
'I Just ___ Stop Loving You'CAN'T
93.7%
'Billie ___'JEAN
92.2%
'___ Stop 'Til You Get Enough'DON'T
90.4%
Birthday candles go on itCAKE
88.1%
'___ It'BEAT
86.8%
Someone of masculine genderMALE
86.2%
'Off The ___'WALL
82.7%
Large retail complexMALL
80.5%
'You ___ My World'ROCK
79.8%
'___ With You'ROCK
79.8%
Broad, runner or kidneyBEAN
78.6%
'The Girl Is ___'MINE
78.5%
The Maid of OrléansJOAN
78%
Punish with a stickCANE
77.3%
Toy replica of a person or babyDOLL
76.9%
'Remember The ___'TIME
75.6%
Like Mr. GrinchMEAN
74.6%
In good healthWELL
74.4%
Curved or crookedBENT
72.1%
Clue Word % Correct
'___ You Be There'WILL
71.7%
A thin continuous markLINE
71.1%
Depression in an automobileDENT
70.7%
Perform without speechMIME
70.6%
Stupid personDOLT
68.5%
Possibility of loss or injuryRISK
67.9%
Move upwardsRISE
67.3%
Replace mother's milk with foodWEAN
66.6%
Talk in a wild wayRANT
66.4%
Prevalent; widespreadRIFE
65.7%
Military position or statusRANK
65%
Herb of the parsley familyDILL
63.6%
Slate on a roofTILE
60.8%
Complain or grumbleMOAN
58%
'She's Out Of My ___'LIFE
58%
Devious or cunning stratagemWILE
57%
Instrument of torture RACK
55.3%
A raised mark on the skinWEAL
51.5%
Stack of hay or cornRICK
27.4%

Today's Daily Dose

Missing Word
1880s A-Z

Get the Picture
Scooby-Doo Gang

You're not logged in!

Compare scores with friends on all Sporcle quizzes.
OR
Log In

From the Vault

3 Letter Words in 1960s Songs

by AwesumJuan

Any word longer than 3 letters is just way too much.
Remove Ads.
Support Sporcle.
Get the best of Sporcle when you Go Orange. This ad-free experience offers more features, more stats, and more fun while also helping to support Sporcle. Thank you for becoming a member.

Show Comments

Extras

Top Quizzes Today


Score Distribution

Your Account Isn't Verified!

In order to create a playlist on Sporcle, you need to verify the email address you used during registration. Go to your Sporcle Settings to finish the process.

Report this User

Report this user for behavior that violates our Community Guidelines.

Details: